Vienne... ou la Vienne ? - Statistiques

Statistiques générales
  • Ce quiz a été pris 5 147 fois
  • Le résultat moyen est 9 sur 15
Statistiques - réponses
Question Réponse % Correct
A eu une grande influence sur la musique européenne du 18ème siècle Capitale
92%
Sigmund Freud y a longtemps résidé Capitale
87%
A une superficie de près de 7000 km² Département
77%
Fut le cadre d'une très célèbre bataille en 732 Département
75%
Possède au moins un site inscrit au Patrimoine Mondial de l'UNESCO Les deux
71%
Possède un des parcs d'attraction les plus visités d'Europe Département
63%
De nombreux auteurs de la Pléiade (Ronsard, du Bellay, etc.) y résidèrent Département
63%
A atteint son pic de population en 1916 Capitale
60%
A été le siège du gouvernement belge durant une partie de la 2nde Guerre Mondiale Département
57%
Son drapeau représente une croix blanche sur fond rouge Capitale
55%
Compte un peu moins de 2 millions d'habitants Capitale
54%
A un PIB par habitant d'environ 20 000 € / an Département
47%
Son point le plus haut culmine à 542 mètres Capitale
33%
Est le lieu de naissance d'une reine française mariée à un Louis Les deux
31%
Tient son nom d'une rivière Les deux
26%
Aucun quiz correspondant
Distribution des résultats
% des personnes avec chaque résultat
Percentile par nombre de réponses
Votre historique - résultats
Vous n’avez pas pris ce quiz